[Event "Bled op"]
[Site "Bled"]
[Date "1996.??.??"]
[Round "5"]
[White "Barle, Janez"]
[Black "Biliskov, Vjekoslav"]
[Result "1-0"]
[WhiteElo "2430"]
[BlackElo "2335"]

1.e4 c5 2.Nf3 d6 3.Bb5+ Bd7 4.Qe2 Nc6 5.c3 a6 6.Ba4 e5 7.O-O Nf6 8.Rd1 Be7
9.d4 Qc7 10.dxc5 dxc5 11.Nbd2 O-O 12.Bc2 h6 13.Nf1 Rfd8 14.Ng3 Be6 15.Re1 b5
16.h3 b4 17.Ba4 bxc3 18.bxc3 Na5 19.Nh4 Nh7 20.Nhf5 Bg5 21.Bxg5 hxg5 22.Ne3 c4
23.Bc2 Nf6 24.Nh5 Ne8 25.Nd5 Qc5 26.Qf3 Nc6 27.Rad1 Ne7 28.Qg3 f6 29.Qf3 Bf7
30.Ng3 Bg6 31.Ba4 Nxd5 32.Bxe8 Bxe8 33.exd5 Bg6 34.Ne4 Qa5 35.Re2 Rac8 36.Nxf6+ gxf6
37.Qxf6 Kh7 38.Rxe5 Rd7 39.Rxg5 Rg8 40.Rd4 Rgg7  1-0

[Event "Bled op-B"]
[Site "Bled"]
[Date "1996.??.??"]
[Round "5"]
[White "Notizberg, Tomislav"]
[Black "Marjanovic, Slavko"]
[Result "1-0"]
[WhiteElo "1975"]
[BlackElo "2095"]

1.e4 c5 2.Nf3 d6 3.Bb5+ Bd7 4.Bxd7+ Nxd7 5.d4 cxd4 6.Qxd4 Ngf6 7.c4 g6 8.Nc3 Bg7
9.O-O O-O 10.Re1 Qc7 11.Bg5 Qc5 12.Qxc5 Nxc5 13.Rad1 Rac8 14.e5 dxe5 15.Nxe5 Rfd8
16.b3 Kf8 17.Be3 Nfd7 18.f4 b6 19.Nxd7+ Nxd7 20.Bd4 Bxd4+ 21.Rxd4 Nc5 22.Red1 Rxd4
23.Rxd4 Ke8 24.g3 Rd8 25.Rxd8+ Kxd8 26.Kf2 Kd7 27.Ke3 e6 28.g4 Ke7 29.g5 Nd7
30.Kd4 f6 31.Ne4 f5 32.Nc3 a6 33.b4 Kd6 34.Na4 Kc6 35.c5 bxc5+ 36.Nxc5 Nxc5
37.bxc5 a5 38.a4 Kd7 39.Kc4 Kc6 40.h3 e5 41.fxe5 f4 42.Kd4 f3 43.Ke3 Kd5  1-0

[Event "Bled op"]
[Site "Bled"]
[Date "1996.??.??"]
[Round "6"]
[White "Barle, Janez"]
[Black "Kozul, Zdenko"]
[Result "1/2-1/2"]
[WhiteElo "2430"]
[BlackElo "2580"]

1.e4 c5 2.Nf3 d6 3.Bb5+ Nd7 4.d4 cxd4 5.Qxd4 Nf6 6.e5 dxe5 7.Nxe5 a6 8.Bxd7+ Nxd7
9.Nc3 Nxe5 10.Qxe5 f6 11.Qe4 Qa5 12.Be3 Qf5 13.Qd5 Qxc2 14.O-O e6 15.Qf3 Be7
16.Rac1 Qf5 17.Qxf5 exf5 18.Nd5 Bd8 19.Rfe1 Kf7 20.Nc7 Bxc7 21.Rxc7+ Kg6
22.Bf4 Rd8 23.h4 Rd7 24.Rxd7 Bxd7 25.Re7 Bc6 26.h5+ Kxh5 27.Rxg7 Re8 28.Be3 Re6
29.g3 Re8 30.Rxh7+ Kg6 31.Rh6+ Kg7 32.Rh4 Be4 33.g4 fxg4 34.Rxg4+ Kf7 35.Kf1 f5
36.Rh4 Rc8 37.Rh7+ Ke6 38.Rh6+ Ke5 39.f4+ Kd5 40.Rb6 Rc2 41.Ke1 Bd3 42.Bd2 Rc7
43.Bc3 Rh7 44.Kd2 Bb5 45.Be5 Ke4 46.Rd6 Rh1 47.a4 Bc6 48.Rd4+ Kf3 49.Rd3+ Kg4
50.a5 Be4 51.Re3 Rh2+ 52.Re2 Rh7 53.Ke3 Rh1 54.Rd2 Re1+ 55.Re2 Rg1 56.b4 Rg3+
57.Kd4 Rd3+ 58.Kc4 Rd1 59.Re3 Bc6 60.Rc3 Rd8 61.Re3 Be4 62.b5 axb5+  1/2-1/2

[Event "Bled op"]
[Site "Bled"]
[Date "1996.??.??"]
[Round "8"]
[White "Basagic, Zlatko"]
[Black "Wapner, Jonathan"]
[Result "1/2-1/2"]
[WhiteElo "2360"]
[BlackElo "2235"]

1.e4 c5 2.Nf3 d6 3.Bb5+ Bd7 4.Bxd7+ Qxd7 5.c4 Nc6 6.Nc3 Nf6 7.O-O g6 8.a3 Bg7
9.Rb1 O-O 10.b4 b6 11.d3 Nh5 12.Bd2 f5 13.exf5 Qxf5 14.b5 Nd8 15.Ne4 Ne6
16.Nh4 Qf7 17.g3 Bd4 18.Bh6 Bg7 19.Bxg7 Nhxg7 20.f4 Nf5 21.Nxf5 gxf5 22.Nc3 Nd4
23.Qd2 h5 24.Rbe1 Rae8 25.Qg2 e6 26.a4 Kh7 27.a5 bxa5 28.Ra1 Rg8 29.Rxa5 h4
30.Kf2 Re7 31.Ra6 Rd7 32.Qh3 Qh5 33.Qxh4 Qxh4 34.gxh4 Rg4 35.Ne2 Rxh4 36.Nxd4 cxd4
37.Kg3 Rg4+ 38.Kf3 Rgg7 39.Re1 Rge7 40.c5 dxc5 41.Raxe6 Rxe6 42.Rxe6 Rb7
43.Re5 Rxb5 44.Rxf5 Kg6 45.Ke4 a5 46.Rd5 a4 47.Rd6+ Kg7 48.Ra6 Rb2 49.Rxa4 Rxh2
50.Kd5 Rd2 51.Kxc5 Rxd3 52.Rxd4 Rxd4 53.Kxd4  1/2-1/2

[Event "Bled op"]
[Site "Bled"]
[Date "1996.??.??"]
[Round "9"]
[White "Srebrnic, Vojko"]
[Black "Grosar, Kiti"]
[Result "1-0"]
[WhiteElo "2245"]
[BlackElo "2225"]

1.e4 c5 2.Nf3 d6 3.Bb5+ Nd7 4.d4 Nf6 5.e5 Qa5+ 6.Nc3 Ne4 7.Bd2 Nxc3 8.Bxd7+ Bxd7
9.Bxc3 Qa6 10.Ng5 Bf5 11.Qf3 e6 12.d5 Be7 13.Nxf7 Kxf7 14.g4 dxe5 15.gxf5 exd5
16.Qxd5+ Kf8 17.O-O-O Rc8 18.Bxe5 Qc6 19.Qxc6 Rxc6 20.Rd7 Rb6 21.Bxg7+ Kxg7
22.Rxe7+ Kf6 23.Rc7 Rb5 24.Rd1 Kxf5 25.Rd5+ Kg4 26.Rdxc5 Rb6 27.Rg7+ Kf3
28.Rf5+ Ke2 29.f4 Rh6 30.Rg2+ Kf3 31.Rd2 Re8 32.Re5 Rg8 33.Re1 Rf8 34.Rf1+ Kg4
35.Rg2+ Kf5 36.Rg5+ Kf6 37.Rf2 Rh4 38.Rc5 Rf7 39.c4 b6 40.Rd5 Ke7 41.Re5+ Kd6
42.Re4 a5 43.b3 Rf5 44.Kc2 Rfh5 45.Rd2+ Kc6 46.Re6+ Kc7 47.Re5 Rxh2 48.Rxh5 Rxh5
49.Kd3 Kd6 50.Ke4+ Ke6 51.Rd5 Rh2 52.a4 Rh6 53.Rb5 Kf7 54.f5 Rc6 55.Rd5 Ke7
56.Kf4 h6 57.Rd3 Rd6 58.Rd5 Rc6 59.Kg4 Rf6 60.c5 bxc5 61.Rxc5 Ra6 62.Rb5 Kf6
63.Kf4 h5 64.Rb8 Rd6 65.Ke4 Rd1 66.Rb6+ Kf7 67.Ke5 Re1+ 68.Kf4 Rf1+ 69.Kg5 h4
70.Rb7+ Kg8 71.Kxh4 Rxf5 72.Kg4 Rf6 73.Rb5 Ra6 74.Kf5 Kf7 75.Ke5 Ke7 76.Kd5 Kd7
77.Rb7+ Kc8 78.Rh7 Rb6 79.Kc4 Rb4+ 80.Kc3 Rb7  1-0

[Event "Bratto op"]
[Site "Bratto"]
[Date "1996.??.??"]
[Round "8"]
[White "Lanzani, Mario"]
[Black "Bresciani, Nicola"]
[Result "1/2-1/2"]
[WhiteElo "2320"]
[BlackElo "2320"]

1.e4 c5 2.Nf3 d6 3.Bb5+ Bd7 4.Bxd7+ Nxd7 5.O-O Ngf6 6.Qe2 e6 7.b3 Be7 8.Bb2 O-O
9.c4 a6 10.d4 cxd4 11.Nxd4 Qb6 12.Rd1 Rfe8 13.Nc3 Bf8 14.Kh1 g6 15.Nf3  1/2-1/2

[Event "GER-chT Federal Cup (Women)"]
[Site "Braunfels"]
[Date "1996.??.??"]
[Round "?"]
[White "Zahn, Nicol"]
[Black "Gerstenhauer, Doreen"]
[Result "1/2-1/2"]
[WhiteElo "2065"]
[BlackElo "2050"]

1.e4 c5 2.Nf3 d6 3.Bb5+ Bd7 4.Bxd7+ Qxd7 5.O-O Nc6 6.c3 e6 7.d4 cxd4 8.cxd4 Nf6
9.Nc3 Be7 10.Re1 O-O 11.d5 Ne5 12.Bf4 Ng6 13.Bg5 Rac8 14.dxe6 fxe6 15.Bxf6 gxf6
16.Nd4 Rfe8 17.Qg4 Bd8 18.Re3 Bb6 19.Rd1 Rc5 20.Nd5 Qf7 21.Nxb6 axb6 22.h4 Kh8
23.Rg3 f5 24.Qf3 f4 25.Rh3 Ne5 26.Qb3 Qg6 27.Nf3 Rg8 28.Ne1 Rc6 29.Qb4 Rc4
30.Qxd6 Rxe4 31.Rh2 Rxe1+ 32.Rxe1 Nf3+ 33.Kh1 Nxh2 34.Qe5+ Rg7 35.Qb8+ Rg8
36.Qe5+ Rg7 37.Qb8+ Rg8 38.Qe5+ Rg7  1/2-1/2

[Event "GER-chT Federal Cup (Women)"]
[Site "Braunfels"]
[Date "1996.??.??"]
[Round "?"]
[White "Ankerst, Milka"]
[Black "Werner, Veronika"]
[Result "1-0"]
[WhiteElo "2100"]
[BlackElo "2210"]

1.e4 c5 2.Nf3 d6 3.Bb5+ Bd7 4.Bxd7+ Qxd7 5.O-O Nc6 6.d4 cxd4 7.Nxd4 Nf6 8.Re1 e6
9.Nc3 Be7 10.f4 O-O 11.Be3 a6 12.Qf3 Rac8 13.Rad1 Qc7 14.Nxc6 bxc6 15.f5 exf5
16.exf5 Rfe8 17.Bd4 Nd7 18.Ne4 d5 19.Qg4 f6 20.Ng3 Ne5 21.Qh3 Bd6 22.Nh5 Qf7
23.Nf4 Re7 24.Ne6 Rce8 25.Rf1 Nd7 26.Qc3 Qh5 27.h3 Nb8 28.Bc5 Bxc5+ 29.Qxc5 Rb7
30.b3 Qe2 31.Rde1 Qb5 32.a4 Qxc5+ 33.Nxc5 Rbe7 34.Rxe7 Rxe7 35.Kf2 g6 36.Re1 Kf7
37.Rxe7+ Kxe7 38.Ke3 Kd6 39.Kd4 gxf5 40.b4 h6 41.g3 Kc7 42.Ne6+ Kd6 43.Ng7 Nd7
44.Nxf5+ Ke6 45.g4 Kf7 46.Nxh6+  1-0

[Event "NLD-chT playoff"]
[Site "Breda"]
[Date "1996.??.??"]
[Round "?"]
[White "Booij, Johan"]
[Black "Van der Vliet, Fred"]
[Result "1/2-1/2"]
[WhiteElo "2290"]
[BlackElo "2330"]

1.e4 c5 2.Nf3 d6 3.Bb5+ Nc6 4.O-O Bg4 5.h3 Bh5 6.Re1 e6 7.b3 Nf6 8.Bb2 Be7
9.e5 dxe5 10.Bxc6+ bxc6 11.Rxe5 O-O 12.Rg5 h6 13.Re5 Qc7 14.d3 Bg6 15.Nbd2  1/2-1/2

[Event "Bristol op"]
[Site "Bristol"]
[Date "1996.??.??"]
[Round "5"]
[White "Ansell, Simon"]
[Black "Mordue, A Tyson"]
[Result "0-1"]
[WhiteElo "2345"]
[BlackElo "2240"]

1.e4 c5 2.Nf3 d6 3.Bb5+ Bd7 4.Bxd7+ Qxd7 5.c4 Nc6 6.d4 cxd4 7.Nxd4 g6 8.Nc3 Bg7
9.Nde2 Nh6 10.O-O f5 11.Bf4 Nf7 12.Qc2 g5 13.Bd2 f4 14.f3 Nfe5 15.b3 Rg8
16.Kh1 h5 17.Rad1 Bh6 18.Nd5 O-O-O 19.b4 g4 20.b5 gxf3 21.gxf3 Nxf3 22.Rxf3 Ne5
23.Ra3 Ng4 24.Be1 Ne3 25.Nxe3 Qh3 26.Ng1 Rxg1+ 27.Kxg1 Rg8+ 28.Kh1 Qf3+ 29.Ng2 Qf1+  0-1

[Event "Bucharest"]
[Site "Bucharest"]
[Date "1996.??.??"]
[Round "?"]
[White "Iordachescu, Viorel"]
[Black "Marin, Mihail"]
[Result "1-0"]
[WhiteElo "2440"]
[BlackElo "2545"]

1.e4 c5 2.Nf3 d6 3.Bb5+ Nd7 4.O-O a6 5.Bxd7+ Bxd7 6.d4 cxd4 7.Qxd4 e5 8.Qd3 h6
9.c4 b5 10.Nfd2 Nf6 11.Nc3 Qb6 12.a4 b4 13.Nd5 Nxd5 14.cxd5 a5 15.Nc4 Qa6
16.f4 Rc8 17.b3 Be7 18.fxe5 dxe5 19.Rxf7 Bc5+ 20.Kh1 Bd4 21.Rxd7 Rxc4 22.Rxg7 Rf8
23.Rb1 Rc6 24.Qxa6 Rxa6 25.Bd2 Rf2 26.Rd1 Raf6 27.h4 Kf8 28.Rg4 Re2 29.h5 Kf7
30.Kh2 Bc3 31.Bc1 Bd4 32.Rd2 Re1 33.Rc2 Bc3 34.Bd2 Re2 35.Bxc3 Rxc2 36.Bxe5 Rf3
37.Bd4 Rxb3 38.e5 Rd3 39.e6+ Ke7 40.Rg7+ Kf8 41.e7+ Ke8 42.Bf6 Kd7 43.Rg8 Re2
44.Rd8+ Kc7 45.e8=Q Rxe8 46.Rxe8 Rxd5 47.Re5  1-0

[Event "Budapest FS08 IM"]
[Site "Budapest"]
[Date "1996.??.??"]
[Round "1"]
[White "Madl, Ildiko"]
[Black "Farago, Sandor"]
[Result "1-0"]
[WhiteElo "2385"]
[BlackElo "2285"]

1.e4 c5 2.Nf3 d6 3.Bb5+ Bd7 4.Bxd7+ Qxd7 5.O-O g6 6.c3 Bg7 7.d4 cxd4 8.cxd4 e6
9.Nc3 Ne7 10.Bf4 O-O 11.Qd2 d5 12.e5 Nbc6 13.b3 Nf5 14.Rfe1 Rac8 15.h3 b5
16.g4 Nfe7 17.Nxb5 Nxe5 18.Bxe5 Qxb5 19.Rac1 Nc6 20.Bxg7 Kxg7 21.Rc5 Qb7
22.Rec1 Ne7 23.Qf4 Rxc5 24.Rxc5 Rc8 25.Ng5 Nc6 26.h4 Qd7 27.Nf3 f6 28.Kg2 h6
29.g5 hxg5 30.hxg5 fxg5 31.Qxg5 Qe8 32.Rc1 Qe7 33.Qg3 Qf6 34.Ne5 Ne7 35.Rxc8 Nxc8
36.Nc6 Nb6 37.a4 Nd7 38.Qc7 Qg5+ 39.Kf3 Qf6+ 40.Ke2 Qf7 41.Qxa7 Kh6 42.Qa6 Nf6
43.Ne5 Qe7 44.Qd6 Qe8 45.Qc7 Ne4 46.Nf7+ Kh5 47.Qh2+  1-0

[Event "Budapest FS10 IM"]
[Site "Budapest"]
[Date "1996.??.??"]
[Round "1"]
[White "Szabo, Zsolt"]
[Black "Romm, Meir"]
[Result "1-0"]
[WhiteElo "2265"]
[BlackElo "2295"]

1.e4 c5 2.Nf3 d6 3.Bb5+ Nd7 4.c4 Nf6 5.Nc3 e6 6.O-O Be7 7.d4 cxd4 8.Qxd4 O-O
9.Ba4 Qc7 10.Bc2 Ne5 11.Nxe5 dxe5 12.Qd3 h6 13.f4 Rd8 14.Qe2 Bd7 15.fxe5 Qxe5
16.Bf4 Bc5+ 17.Kh1 Qh5 18.Qe1 Bc6 19.Bg3 Bd4 20.Ne2 Bxb2 21.Nf4 Qc5 22.Rb1 Bd4
23.Qe2 Qa5 24.h3 Be5 25.Bd3 Rxd3 26.Qxd3 Bxe4 27.Qe2 Bxb1 28.Rxb1 Bxf4 29.Bxf4 Qf5
30.Rf1 Qe4 31.Qf2 Qg6 32.Qd4 b6 33.Be5 Ne4 34.Kg1 Rc8 35.Rd1 Nc5 36.Qd6 Qc2
37.Rd4 Ne4 38.Qe7 Qc1+ 39.Kh2 Qc3 40.Qb7 Nd6 41.Bxd6 Qxd4 42.Qxc8+ Kh7 43.Bg3 a5
44.a4 Kg6 45.Qc6 Kh7 46.Bc7 e5 47.Bxb6 Qf4+ 48.g3 Qd2+ 49.Qg2 Qc3 50.Qe4+ g6
51.c5 h5 52.Qg2 h4 53.gxh4 Qb4 54.Qf2 f5 55.c6 Qxa4 56.c7 Qc4 57.Bxa5 e4
58.h5 Qc6 59.hxg6+ Kxg6 60.Qb6  1-0

[Event "EUCup f"]
[Site "Budapest"]
[Date "1996.??.??"]
[Round "1"]
[White "Rublevsky, Sergei"]
[Black "Groszpeter, Attila"]
[Result "0-1"]
[WhiteElo "2645"]
[BlackElo "2545"]

1.e4 c5 2.Nf3 d6 3.Bb5+ Bd7 4.Bxd7+ Nxd7 5.O-O Ngf6 6.Qe2 e6 7.d4 cxd4 8.Nxd4 a6
9.c4 g6 10.Nf3 Qc7 11.Bf4 Nh5 12.Bg5 Bg7 13.Nc3 Bxc3 14.bxc3 O-O 15.Rfd1 Rfc8
16.Qd3 Nc5 17.Qe3 e5 18.Bh4 Ne6 19.Qh6 f6 20.h3 Rf8 21.Rd2 Nhf4 22.Rad1 Nd8
23.Rxd6 Nf7 24.Rd7 Qc6 25.Rxf7 Rxf7 26.Kh2 Raf8 27.Nd2 Rd7 28.f3 Rfd8 29.Be1 Qa4
30.Rb1 Rxd2 31.Rxb7 R2d7 32.Rb2 Qxc4 33.Bh4 Qf7 34.Rb6 Rd6 35.Bxf6 Qxf6 36.Rb7 R6d7  0-1

[Event "EUCup f"]
[Site "Budapest"]
[Date "1996.??.??"]
[Round "2"]
[White "Anastasian, Ashot"]
[Black "Zagorskis, Darius"]
[Result "1-0"]
[WhiteElo "2550"]
[BlackElo "2520"]

1.Nf3 c5 2.e4 d6 3.Bb5+ Bd7 4.Bxd7+ Qxd7 5.c4 Nc6 6.O-O Nf6 7.Nc3 g6 8.h3 Bg7
9.d3 O-O 10.Be3 e6 11.d4 cxd4 12.Nxd4 Rfd8 13.Rc1 Rac8 14.b3 b6 15.Re1 a6
16.a4 Qb7 17.Nxc6 Qxc6 18.Bd4 Nd7 19.Bxg7 Kxg7 20.Rc2 Qc5 21.Rd2 Ne5 22.Kh1 h6
23.f4 Nc6 24.Rf1 Kf8 25.f5 Kg7 26.Rdf2 Rf8 27.Ne2 Qe5 28.fxg6 fxg6 29.Nf4 g5
30.Nh5+ Kg8 31.Nf6+ Kg7 32.Qh5  1-0

[Event "Budapest FS05 IM"]
[Site "Budapest"]
[Date "1996.??.??"]
[Round "3"]
[White "Skorna, Ullrich"]
[Black "Tcebekov, Khongor"]
[Result "1/2-1/2"]
[WhiteElo "2205"]
[BlackElo "2315"]

1.e4 c5 2.Nf3 d6 3.Bb5+ Bd7 4.Bxd7+ Qxd7 5.O-O g6 6.c3 Bg7 7.d4 e5 8.dxe5 dxe5
9.Qxd7+ Nxd7 10.Na3 Ngf6 11.Re1 O-O 12.Bg5 Rae8 13.Rad1 h6 14.Bxf6 Nxf6 15.Nc4 Nh5
16.Rd7 b5 17.Nd6 Rd8 18.Rxd8 Rxd8 19.Nxb5 Rb8 20.a4 a6 21.Nc7 Rxb2 22.Nxa6 Nf4
23.Nxc5 Ne2+ 24.Kf1 Nxc3 25.Nd3 Ra2 26.Rc1 Nxe4 27.Rc8+ Kh7 28.Nfxe5 Bxe5
29.Nxe5 Rxf2+ 30.Kg1 Ra2 31.h3 Rxa4  1/2-1/2

[Event "Budapest FS03 IM"]
[Site "Budapest"]
[Date "1996.??.??"]
[Round "6"]
[White "Shovunov, Baatr"]
[Black "Navrotescu, Catalin"]
[Result "1/2-1/2"]
[WhiteElo "2300"]
[BlackElo "2370"]

1.e4 c5 2.Nf3 d6 3.Bb5+ Bd7 4.Bxd7+ Qxd7 5.O-O Nc6 6.c3 Nf6 7.Re1 e6 8.d4 cxd4
9.cxd4 d5 10.e5 Ne4 11.Re2 Be7 12.Ne1 f6 13.f3 Ng5 14.exf6 Bxf6 15.Be3 O-O
16.Nc3 Nf7 17.Nc2 Nd6 18.Bf2 Rae8 19.Qd3 Re7  1/2-1/2

[Event "Budapest FS05 IM"]
[Site "Budapest"]
[Date "1996.??.??"]
[Round "6"]
[White "Midoux, Sebastien"]
[Black "Gross, Stefan"]
[Result "0-1"]
[WhiteElo "2220"]
[BlackElo "2290"]

1.e4 c5 2.Nf3 d6 3.Bb5+ Bd7 4.Bxd7+ Qxd7 5.c4 Nc6 6.d4 cxd4 7.Nxd4 Nf6 8.Nc3 e6
9.O-O Be7 10.Nde2 a6 11.a4 O-O 12.f3 Rfd8 13.Nf4 Qc7 14.Be3 Nd7 15.Rc1 Nc5
16.b3 Bf6 17.Na2 Bg5 18.Kh1 Qe7 19.b4 Nd7 20.a5 Rac8 21.Qb3 Nde5 22.Rfd1 Qf6
23.Ne2 Bxe3 24.Qxe3 Nb8 25.Qb3 h6 26.h3 Rc7 27.b5 Rdc8 28.Rd4 axb5 29.cxb5 Rxc1+
30.Naxc1 Nxf3 31.Rc4 Rxc4 32.Qxc4 Nh4 33.Qd4 Qd8 34.Qa7 Nd7 35.Nd3 Qc8  0-1

[Event "Buenos Aires op"]
[Site "Buenos Aires"]
[Date "1996.??.??"]
[Round "?"]
[White "German, Gustavo"]
[Black "Milos, Gilberto"]
[Result "1/2-1/2"]
[WhiteElo "2440"]
[BlackElo "2565"]

1.e4 c5 2.Nf3 d6 3.Bb5+ Nd7 4.O-O Nf6 5.Re1 a6 6.Bf1 b6 7.d4 cxd4 8.Nxd4 Bb7
9.c4 e6 10.Nc3 Be7 11.b3 O-O 12.Bb2 Qc7 13.Qd2 Rfe8 14.Rad1 Rac8 15.Kh1 Qb8
16.f3 Bd8 17.Qf2 Bc7 18.g3 Ba8 19.Bg2 Bd8 20.Qf1 Be7 21.Qe2 Bf8 22.f4 e5
23.fxe5 dxe5 24.Nf5 g6 25.Ne3 b5 26.Rf1 bxc4 27.Nxc4 Rcd8 28.Qf3 Bg7 29.Rd6 Re6
30.Ba3 Bf8 31.Rxe6 fxe6 32.Bh3 Re8 33.Bxf8 Rxf8 34.Bxe6+ Kg7 35.Qg2 Nxe4
36.Rxf8 Nxg3+ 37.Kg1 Nxf8 38.Qxg3 Nxe6 39.Qxe5+ Qxe5 40.Nxe5 Kf6 41.Nd3 g5
42.Kf2 h5 43.b4 h4 44.Ne2 g4 45.a4 Bc6 46.b5 axb5 47.axb5 Bxb5 48.Ke3 Kg5
49.Nf2 Bc6 50.h3 g3 51.Ne4+ Bxe4 52.Kxe4 g2 53.Ke3 Nf4 54.Ng1 Nxh3 55.Nxh3+ Kg4
56.Ng1 h3 57.Kf2 h2 58.Kxg2 hxg1=Q+ 59.Kxg1  1/2-1/2

[Event "ARG-ch qf"]
[Site "Buenos Aires"]
[Date "1996.??.??"]
[Round "2"]
[White "Felgaer, Ruben"]
[Black "Mendez, Ernesto"]
[Result "0-1"]
[WhiteElo "2250"]
[BlackElo "2395"]

1.e4 c5 2.Nf3 d6 3.Bb5+ Nc6 4.O-O Bd7 5.c3 a6 6.Bxc6 Bxc6 7.Re1 e6 8.d4 cxd4
9.cxd4 d5 10.exd5 Bxd5 11.Nc3 Nf6 12.Bf4 Be7 13.Rc1 O-O 14.Ne5 Rc8 15.a3 b5
16.Nxd5 Qxd5 17.Qf3 Qxf3 18.Nxf3 Nd5 19.Bd2 Bd6 20.Rxc8 Rxc8 21.Rc1 Rxc1+
22.Bxc1 Kf8 23.g3 Ke7 24.Kf1 Kd7 25.Ke2 f6 26.Kd3 Kc6 27.Nd2 Nb6 28.Nf1 a5
29.Ne3 a4 30.Bd2 Nd7 31.Be1 h5 32.Nd1 Bc5 33.Bd2 Nb6 34.Bc3 Nd7 35.Bb4 f5
36.Kd2 f4 37.Ke1 Ba7 38.Nc3 Nf8 39.Bxf8  0-1

[Event "Bissell op"]
[Site "Buenos Aires"]
[Date "1996.??.??"]
[Round "6"]
[White "German, Gustavo"]
[Black "Fiorito, Fabian"]
[Result "1/2-1/2"]
[WhiteElo "2440"]
[BlackElo "2455"]

1.e4 c5 2.Nf3 d6 3.Bb5+ Bd7 4.Bxd7+ Qxd7 5.c4 Nc6 6.d4 cxd4 7.Nxd4 Nf6 8.Nc3 e6
9.O-O Be7 10.b3 O-O 11.Nc2 Rfd8 12.Ne3 b6 13.Bb2 Qb7 14.Qe2 a6 15.f3 b5 16.cxb5 Nd4
17.Qd2 Nxb5 18.Ne2 Na7 19.Kh1 Nc6 20.Nc3 d5 21.exd5 Nb4 22.Rfd1  1/2-1/2

[Event "Cairo op"]
[Site "Cairo"]
[Date "1996.??.??"]
[Round "2"]
[White "Rizouk, Ryad"]
[Black "Hakki, Imad"]
[Result "1/2-1/2"]
[WhiteElo "2385"]
[BlackElo "2380"]

1.e4 c5 2.Nf3 d6 3.Bb5+ Bd7 4.Bxd7+ Qxd7 5.O-O Nc6 6.d4 cxd4 7.Nxd4 Nf6 8.Re1 g6
9.c4 Bg7 10.Nc3 O-O 11.Nc2 Rac8 12.b3 Qd8 13.Bb2 Nd7 14.Re3 a6 15.Rb1 Nc5
16.Qe2 e6 17.Rd1 Qe7 18.Rh3 Rfd8 19.Qd2 Nxe4 20.Nxe4 Bxb2 21.Qh6 f6 22.Nxd6 Rc7
23.Rhd3 Rcd7 24.Nc8 Qe8 25.Nd6 Qe7 26.Nc8 Qe8 27.Nd6 Qe7 28.Nc8 Qe8 29.Nd6 Qf8
30.Qxf8+ Kxf8 31.c5 Be5 32.Kf1 Bxd6 33.cxd6 Kf7 34.Ne3 e5 35.Nc4 Ke6 36.a4 b5
37.axb5 axb5 38.Na3 Nd4 39.Rxd4 exd4 40.Nxb5 Kd5 41.Nxd4 Kxd6 42.Nc2+ Kc5
43.Rxd7 Rxd7 44.Ke2 Rb7 45.b4+ Kc4 46.Ne3+ Kd4 47.Kf3 Ke5 48.Nc2 Rc7 49.Ne1 Kd4
50.Kf4 Rc4 51.h4 Kd5+ 52.Kg3 Rxb4 53.f3 Rb2 54.Nd3 Rd2 55.Nf2 f5 56.Nh3 Ke5
57.Ng5 f4+ 58.Kh3 Rd7 59.Kg4 h6 60.Ne4 Rd4  1/2-1/2

[Event "Cairo op"]
[Site "Cairo"]
[Date "1996.??.??"]
[Round "6"]
[White "Rizouk, Ryad"]
[Black "Yasseen, Aly"]
[Result "0-1"]
[WhiteElo "2385"]
[BlackElo "2350"]

1.e4 c5 2.Nf3 d6 3.Bb5+ Bd7 4.Bxd7+ Nxd7 5.O-O Ngf6 6.Re1 e6 7.d4 cxd4 8.Qxd4 Qb6
9.Qa4 Be7 10.e5 dxe5 11.Nxe5 Qb4 12.Qxb4 Bxb4 13.c3 Nxe5 14.Rxe5 Rd8 15.Nd2 Be7
16.Re1 O-O 17.Nf3 Nd5 18.Bd2 Bf6 19.Rad1 b5 20.Bg5 Bxg5 21.Nxg5 Nb6 22.Ne4 Rxd1
23.Rxd1 f5 24.Nc5 Re8 25.Kf1 Kf7 26.Ke2 Ke7 27.Rd4 Rc8 28.Nd3 Nd5 29.Kf3 g5
30.Ke2 a5 31.h4 h6 32.hxg5 hxg5 33.g3 a4 34.a3 Kd6 35.Nb4 Rc4 36.Rd1 Ke5
37.Nd3+ Kf6 38.Rh1 Re4+ 39.Kd2 Nb6 40.Rh7 Nc4+ 41.Kd1 f4 42.gxf4 gxf4 43.Rb7 Nd6
44.Rb6 Ke7 45.f3 Rc4 46.Ne5 Rc5 47.Nd3 Rd5 48.Ke2 Nc4 49.Ra6 e5 50.Ra7+ Rd7
51.Rxd7+ Kxd7 52.b3 axb3 53.Nc5+ Kd6 54.Nxb3 Nxa3 55.Nd2 Kd5 56.Kd3 Nc4 57.Ne4 Nd6
58.Ng5 Nb7 59.Nh3 Nc5+ 60.Kc2 Ke6 61.Ng5+ Kf5 62.Nf7 Ke6 63.Nh6 e4 64.fxe4 Ke5
65.Ng4+ Kxe4 66.Nf6+ Kf3 67.Nd5 Kg3 68.c4 b4 69.Nxb4 f3 70.Nd5 f2 71.Ne3 Kf3
72.Kd2 Na4 73.Nf1 Kg2 74.Ne3+ Kg1  0-1

[Event "Cairo op"]
[Site "Cairo"]
[Date "1996.??.??"]
[Round "8"]
[White "Hassan, Sayed Barakat"]
[Black "Yasseen, Aly"]
[Result "0-1"]
[WhiteElo "2390"]
[BlackElo "2350"]

1.e4 c5 2.Nf3 d6 3.Bb5+ Bd7 4.Bxd7+ Nxd7 5.O-O Ngf6 6.Re1 e6 7.b3 Be7 8.Bb2 O-O
9.c4 Re8 10.d4 cxd4 11.Nxd4 Nf8 12.Nc3 a6 13.Qd2 Qb6 14.Kh1 Rad8 15.Rad1 Ng6
16.Qe3 d5 17.exd5 exd5 18.Nxd5 Nxd5 19.cxd5 Rxd5 20.Nf3 Qc6 21.Qc3 Qxc3 22.Bxc3 Rxd1
23.Rxd1 Rc8 24.Bb2 Kf8 25.g3 Bb4 26.Rd7 b5 27.Kg2 Bc5 28.Bd4 Bxd4 29.Nxd4 Ne5
30.Rd6 Ra8 31.f4 Ng4 32.h3 Nf6 33.Kf3 b4 34.g4 a5 35.g5 Ne8 36.Rd7 Rc8 37.Ke4 Rc3
38.h4 g6 39.Ra7 Rc5 40.Rd7 Rc3 41.Nf3 f5+ 42.Ke5 Re3+ 43.Kd5 Rxf3 44.Rxh7 Rxf4
45.h5 gxh5 46.g6 Ng7  0-1

[Event "Calcutta op"]
[Site "Calcutta"]
[Date "1996.??.??"]
[Round "7"]
[White "Singh, Gurpreetpal"]
[Black "Khakpoor, Abbas"]
[Result "0-1"]
[WhiteElo "2265"]
[BlackElo "2200"]

1.e4 c5 2.Nf3 d6 3.Bb5+ Bd7 4.Bxd7+ Qxd7 5.c4 Nf6 6.Nc3 Nc6 7.O-O g6 8.d4 cxd4
9.Nxd4 Bg7 10.Nc2 O-O 11.f3 e6 12.Bg5 h6 13.Bh4 g5 14.Bf2 Rfd8 15.Ne3 Ne5
16.Qe2 Rac8 17.Rac1 b6 18.Rfd1 Qb7 19.Nb5 Ne8 20.Bg3 a6 21.Nc3 Nf6 22.f4 gxf4
23.Bxf4 Nxe4 24.Ng4 Nxc3 25.bxc3 Nxg4 26.Qxg4 Rxc4 27.Qg3 Kh7 28.Bxd6 f5
29.Rd3 Rg8 30.Qf2 Qc6 31.Rcd1 Rxc3 32.Rxc3 Qxc3 33.g3 Rd8 34.Qxb6 Rd7 35.Qb1 Bd4+
36.Kg2 Qc6+  0-1

[Event "Cannes Martinez op"]
[Site "Cannes"]
[Date "1996.??.??"]
[Round "1"]
[White "Golubovic, Boris"]
[Black "Jaulin, Marc"]
[Result "1-0"]
[WhiteElo "2420"]
[BlackElo "2150"]

1.e4 c5 2.Nf3 d6 3.Bb5+ Nd7 4.d4 Nf6 5.Nc3 a6 6.Bxd7+ Nxd7 7.O-O cxd4 8.Qxd4 e6
9.Be3 Qc7 10.Rfd1 b5 11.a4 Rb8 12.axb5 axb5 13.Ra7 Qc4 14.b3 Qxd4 15.Nxd4 b4
16.Ncb5 Bb7 17.Nc7+ Kd8 18.Na6 Bxa6 19.Nc6+ Kc8 20.Rxa6 Rb7 21.Ra8+ Kc7 22.Nd8 Rb8
23.Rxb8 Nxb8 24.Nxf7 Rg8 25.Ng5 Kd7 26.Ra1 Nc6 27.Nxh7 Be7 28.Ng5 Rc8 29.Nf3 Bf6
30.Ra2 d5 31.exd5 exd5 32.g3 d4 33.Bd2 Ke6 34.Ne1 Be7 35.Nd3 Kd5 36.h4 Ke4
37.Kg2 Kd5 38.h5  1-0

[Event "Cannes op"]
[Site "Cannes"]
[Date "1996.??.??"]
[Round "2"]
[White "Kazhgaleyev, Murtas"]
[Black "Loeffler, Markus"]
[Result "1-0"]
[WhiteElo "2490"]
[BlackElo "2350"]

1.e4 c5 2.Nf3 d6 3.Bb5+ Nd7 4.d4 Nf6 5.O-O Nxe4 6.Qe2 Nf6 7.dxc5 e6 8.cxd6 Bxd6
9.Rd1 Qc7 10.Nc3 O-O 11.Bg5 h6 12.Bxd7 hxg5 13.Nb5 Qxd7 14.Nxd6 g4 15.Ne5 Qc7
16.c4 Bd7 17.Nxg4 Nxg4 18.Qxg4 Bc6 19.Rd3 Rad8 20.Rad1 b6 21.Qh5 f6 22.Qe2 e5
23.Qg4 Bd7 24.Nf5 Bxf5 25.Qxf5 Rxd3 26.Qxd3 Qc6 27.b3 Rf7 28.Qf5 Kf8 29.Rd5 Re7
30.h4 e4 31.Qh7 Qe8 32.Rd8  1-0

[Event "Cannes Martinez op"]
[Site "Cannes"]
[Date "1996.??.??"]
[Round "2"]
[White "Oratovsky, Michael"]
[Black "Hohler, Peter"]
[Result "1-0"]
[WhiteElo "2485"]
[BlackElo "2245"]

1.e4 c5 2.Nf3 d6 3.Bb5+ Bd7 4.Bxd7+ Qxd7 5.c4 e5 6.Nc3 Ne7 7.a3 g6 8.b4 b6
9.h4 h5 10.d3 Bg7 11.Rb1 O-O 12.Nd5 Nbc6 13.bxc5 bxc5 14.Qa4 Rad8 15.Bg5 Nxd5
16.cxd5 Nd4 17.Qxd7 Nxf3+ 18.gxf3 Rxd7 19.Ke2 Kh7 20.Rb3 Bh6 21.Rhb1 Bxg5
22.hxg5 f6 23.Rb7 Rff7 24.Rxd7 Rxd7 25.gxf6 Kg8 26.a4 Kf7 27.a5 Kxf6 28.a6 g5
29.Kf1 Ke7 30.Kg2 Kd8 31.Rb8+ Kc7 32.Rg8 g4 33.fxg4 hxg4 34.Rxg4 Kb6 35.f4 exf4
36.Rg6 Kb5 37.Kf3 c4 38.dxc4+ Kxc4 39.Kxf4 Kd4 40.Kf5 Re7 41.Re6 Rf7+ 42.Rf6 Re7
43.Re6 Rf7+ 44.Kg5 Rf1 45.Re7 Ra1 46.Kf5 Rxa6 47.Rd7 Kd3 48.Rc7 Ra4 49.e5 dxe5
50.Kxe5 Re4+ 51.Kf6 Rf4+ 52.Ke7 Re4+ 53.Kd7 Kd4 54.d6 a5 55.Kd8 Rg4 56.d7 Ke5  1-0

[Event "Cannes Martinez op"]
[Site "Cannes"]
[Date "1996.??.??"]
[Round "3"]
[White "Azadharf, Farrokh"]
[Black "Birens, Eric Andre"]
[Result "1-0"]
[WhiteElo "2235"]
[BlackElo "2135"]

1.e4 c5 2.Nf3 d6 3.Bb5+ Nd7 4.a4 Nf6 5.Qe2 a6 6.Bc4 e6 7.O-O Be7 8.d4 cxd4
9.Nxd4 Ne5 10.Bb3 O-O 11.Nc3 Bd7 12.Rd1 Qc7 13.f4 Nc6 14.Be3 Nxd4 15.Bxd4 e5
16.Be3 Bg4 17.Qd3 Bxd1 18.Rxd1 Rfe8 19.f5 h6 20.h3 Rac8 21.Nd5 Nxd5 22.Qxd5 Rf8
23.Rd2 Qc6 24.Qd3 Bg5 25.Bxg5 hxg5 26.Kh2 b5 27.axb5 axb5 28.Qe3 Qd7 29.Qxg5 Qd8
30.Qh5 Qf6 31.g4 Qh6 32.Qxh6 gxh6 33.Rxd6 Kg7 34.Rd5 Kf6 35.Rxb5 Rc7 36.Rb6+ Kg7
37.h4 Rd8 38.g5 hxg5 39.hxg5 Rd4 40.Rh6 f6 41.Rxf6 Rxe4 42.Rg6+ Kh7 43.Rh6+ Kg7
44.f6+  1-0

[Event "Cannes Martinez op"]
[Site "Cannes"]
[Date "1996.??.??"]
[Round "3"]
[White "Bokias, I."]
[Black "Guillon, Cyril"]
[Result "0-1"]
[WhiteElo "1960"]
[BlackElo "2220"]

1.e4 c5 2.Nf3 d6 3.Bb5+ Bd7 4.Bxd7+ Qxd7 5.c4 Nc6 6.Nc3 Nf6 7.O-O g6 8.Rb1 Bg7
9.a3 O-O 10.h3 Nh5 11.Ne2 f5 12.exf5 Rxf5 13.Ne1 Rf7 14.b4 Raf8 15.Bb2 Bxb2
16.Rxb2 Nd4 17.bxc5 dxc5 18.Nxd4 Qxd4 19.Rb3 Rxf2 20.Nf3 R2xf3+  0-1